• 首页
  • 本馆介绍
  • 公告通知
  • 最新文献
  • 馆藏检索
  • 电子资源
  • 读者导购
  • 参考咨询
  • 我的图书馆
  • 登录
  • 详细信息显示
  • 放入我的书架
  • 预约/预借图书
  • 作者相关作品
  • 分类相关作品
  • 丛书相关作品
  • 出版社相关作品

书目信息

  • 表格格式
  • 工作单格式
  • 卡片格式
题名:
记忆的常识
    
 
作者: 柿木隆介 著 ;梁田 译
分册:  
出版信息: 北京   北京联合出版公司  2018.06
页数: 211页
开本: 21cm
丛书名:
单 册:
中图分类: B842.3-49
科图分类:
主题词: 脑科学--通俗读物 , 记忆术--通俗读物
电子资源:
ISBN: 978-7-5596-1311-0
000 01165nam0 2200289 450
001 0108153910
005 20210308154403.0
010    @a978-7-5596-1311-0@dCNY39.80
100    @a20181129d2018 em y0chiy50 ea
101 1  @achi@cjpn
102    @aCN@b110000
105    @aa z 000yy
106    @ar
200 1  @a记忆的常识@Aji yi de chang shi@f(日)柿木隆介著@g梁田译
210    @a北京@c北京联合出版公司@d2018.06
215    @a211页@c图@d21cm
305    @a北京联合出版有限公司版权所有
312    @a版权页副题名:脑科学告诉你如何有效记忆
330    @a本书介绍了与记忆相关的脑科学研究现状。作者从生活中的记忆情景谈起,分析了影响有效记忆的各种因素,回溯了历史上出现的各种记忆术,并介绍了自己多年钻研的、以记忆为基础的测谎器“脑指纹”与“面孔记忆”的研究成果,与各位读者一起探索了记忆的本质,帮助读者进一步认识“记忆”。
517 1  @a脑科学告诉你如何有效记忆@Anao ke xue gao su ni ru he you xiao ji yi
606 0  @a脑科学@j通俗读物
606 0  @a记忆术@j通俗读物
690    @aB842.3-49@v5
701  0 @a柿木隆介@Ashi mu long jie@4著@c(日)
702  0 @a梁田@Aliang tian@4译@f(1984-)
801  0 @aCN@bBJSZM@c20210308
905    @b1272332-6@dB842.3@e2948@f5
    
    记忆的常识/(日)柿木隆介著/梁田译.-北京:北京联合出版公司,2018.06
    211页:图;21cm
    
    
    ISBN 978-7-5596-1311-0:CNY39.80
    本书介绍了与记忆相关的脑科学研究现状。作者从生活中的记忆情景谈起,分析了影响有效记忆的各种因素,回溯了历史上出现的各种记忆术,并介绍了自己多年钻研的、以记忆为基础的测谎器“脑指纹”与“面孔记忆”的研究成果,与各位读者一起探索了记忆的本质,帮助读者进一步认识“记忆”。
●
相关链接 在E读中查询图书 在五车中查询图书 在当当中查询图书 在豆瓣中查询图书


正题名:记忆的常识     索取号:B842.3/2948         预约/预借

序号 登录号 条形码 馆藏地/架位号 状态 备注
1 1097194   210971947   第一样本阅览室/ [索取号:B842.3/2948] 在馆    
2 1097195   210971956   教育系资料室/ [索取号:B842.3/2948] 在馆    
3 1097196   210971965   教育系资料室/ [索取号:B842.3/2948] 在馆    
4 1097197   210971974   第一借阅区/ [索取号:B842.3/2948] 在馆    
5 1097198   210971983   第一借阅区/ [索取号:B842.3/2948] 在馆    
6 1272332   212723329   教育系资料室/ [索取号:B842.3/2948] 在馆    
7 1272333   212723338   教育系资料室/ [索取号:B842.3/2948] 在馆    
8 1272334   212723347   教育系资料室/ [索取号:B842.3/2948] 在馆    
9 1272335   212723356   第一借阅区/ [索取号:B842.3/2948] 在馆    
10 1272336   212723365   第一借阅区/ [索取号:B842.3/2948] 在馆    
唐山师范学院图书馆 欢迎您!
大连网信软件有限公司© 版权所有